Etika výnosového manažmentu hotela

Podstata a metódy výnosového manažmentu. Technikami výnosového manažmentu sa hotel snaží dosiahnuť rovnováhu ponuky izieb na trhu s dopytom po nich na danú noc. Prínosy a etické riziká výnosového manažmentu. Cenová diskriminácia hotelových hostí. Štruktúra hotelových cien. Nerefundovateľné ceny. Rez...

Descripción completa

Guardado en:
Detalles Bibliográficos
Autor principal: Luknič, Arnold Steve
Formato: Capítulo de libro
Lenguaje:eslovaco
Materias:
Etiquetas: Agregar Etiqueta
Sin Etiquetas, Sea el primero en etiquetar este registro!

MARC

LEADER 00000naa a2200000 4500
001 r019762
005 20221205101457.2
041 0 |a slo 
044 |a SK 
245 1 0 |a Etika výnosového manažmentu hotela  |c Arnold Luknič 
520 |a Podstata a metódy výnosového manažmentu. Technikami výnosového manažmentu sa hotel snaží dosiahnuť rovnováhu ponuky izieb na trhu s dopytom po nich na danú noc. Prínosy a etické riziká výnosového manažmentu. Cenová diskriminácia hotelových hostí. Štruktúra hotelových cien. Nerefundovateľné ceny. Rezervačný systém hotela. 
610 2 0 |a hotely 
610 2 0 |a manažment 
610 2 0 |a etika 
610 2 0 |a dopyt 
610 2 0 |a ponuka 
610 2 0 |a ceny 
610 2 0 |a kapacita ubytovacia 
610 2 0 |a systémy rezervačné 
100 1 |a Luknič, Arnold Steve